00906nam a2200253 a 450000100060000000300080000600500170001400800410003103500190007204000410009104100110013208200270014310000570017024500820022726000340030930000210034349000620036450000530042665000200047965000250049965000290052470000370055383000620059068825BD-RjUL20211209081820.0170406s1965 cau 000 1 engx  a(BD-RjUL)69036 aDLCcODaWUdOCoLCdDLCdBD-RjULbeng1 aengchi 223a895.1348bJUF 19651 aLi, Ju-chen,dapproximately 1763-approximately 1830.10aFlowers in the mirror /cby Li Ju-chen ; Translated and edited by Lin Tai-yi. aLondon :bPeter Owen,cc1965. a310 p. ;c24 cm. aUNESCO collection of representative works chinese series. aTranslation of Ching hua yüan (romanized form) aChinese fiction aQing Dynasty (China) aFantasy fiction, Chinese1 aLin, Tai-yi,d1926-etr. and ed. aUNESCO collection of representative works chinese series.